Online
Catalog

Galaripsos / (Record no. 31848)

MARC details
000 -CABECERA
campo de control de longitud fija 01713nam a2200193 a 4500
001 - NÚMERO DE CONTROL
campo de control 000032357
005 - FECHA Y HORA DE LA ÚLTIMA TRANSACCIÓN
campo de control 20240412074256.0
008 - DATOS DE LONGITUD FIJA--INFORMACIÓN GENERAL
campo de control de longitud fija 110714t1908 dr r 001 p spa d
040 ## - FUENTE DE LA CATALOGACIÓN
Centro catalogador/agencia de origen DO-SdBNP
Lengua de catalogación spa
Centro/agencia transcriptor BNPHU
082 ## - NÚMERO DE LA CLASIFICACIÓN DECIMAL DEWEY
Número de clasificación RD861.3
Número de documento/Ítem D353g
100 1# - ENTRADA PRINCIPAL--NOMBRE DE PERSONA
Nombre de persona Deligne, Gastón F.,
Fechas asociadas al nombre 1861-1913
9 (RLIN) 23674
245 10 - MENCIÓN DE TÍTULO
Título Galaripsos /
Mención de responsabilidad, etc. Gastón F. Deligne.
260 ## - PUBLICACIÓN, DISTRIBUCIÓN, ETC.
Lugar de publicación, distribución, etc. Santo Domingo :
Nombre del editor, distribuidor, etc. Imp. Cuna de América,
Fecha de publicación, distribución, etc. 1908.
300 ## - DESCRIPCIÓN FÍSICA
Extensión 216 p. ;
Dimensiones 17 cm.
505 0# - NOTA DE CONTENIDO CON FORMATO
Información miscelánea Portada --
Título Los Galaripsos --
-- Arriba el pabellón --
-- Quisqueyana --
-- Frente al retrato de la Sta F. de Castro --
-- A la Sta Rosa Pacheco --
-- Maireni --
-- La nueva Jerusalen! --
-- Angustias --
-- En el día de San Francisco Javier --
-- La aparición --
-- De luto --
-- Queiros --
-- Valle de lágrimas --
-- Canto nupcial --
-- Quid divinum...! --
-- Hombre y mujer --
-- Romanza --
-- A la memoria del Padre Billini --
-- Ciencia y arte --
-- In good we trust --
-- La hija de Colón --
-- Confidencias de Cristina --
-- El silfo --
-- De la selva --
-- Aniquilamiento --
-- Subjetiva --
-- Ars Nova Scribendi --
-- Muerta --
-- En el botado --
-- Mensaje postal --
-- Moneda --
-- En la muerte de José Joaquín Pérez --
-- Cantiga --
-- Ritmos --
-- Justicia galante --
-- Peregrinando --
-- De humor --
-- Eugenio María de Hostos --
-- Madrigal y monóstrofe --
-- De fotografias --
-- Su niño --
-- Invernal --
-- Spectra --
-- La hora de Endimión --
-- Cartas --
-- Monóstrofe --
-- Bucólica --
-- Miliunanochesca --
-- Núbil --
-- Genealogía --
-- La chispa --
-- Soneto --
-- Entremés olímpico --
-- Ololoi! --
-- A S. M. la Reina Carmelita I --
-- Del patíbulo --
-- Baladas de las tentaciones --
-- Ante la bandera.
650 #0 - PUNTO DE ACCESO ADICIONAL DE MATERIA--TÉRMINO DE MATERIA
Término de materia o nombre geográfico como elemento de entrada Poesía dominicana
9 (RLIN) 66
650 #0 - PUNTO DE ACCESO ADICIONAL DE MATERIA--TÉRMINO DE MATERIA
Término de materia o nombre geográfico como elemento de entrada Literatura dominicana.
9 (RLIN) 67
910 ## - DATOS DE OPCIÓN DEL USUARIO (OCLC)
Datos de opción del usuario Validado. Control de calidad. EMS
Holdings
Estado de retiro Estado de pérdida Restricciones de uso No para préstamo Código de colección Localización permanente Ubicación/localización actual Ubicación en estantería Fecha de adquisición Número de inventario Total de préstamos Signatura topográfica completa Código de barras Fecha visto por última vez Precio válido a partir de Tipo de ítem Koha Nota pública
      Excluido de préstamo Raros y valiosos Patrimonio Dominicano Patrimonio Dominicano Depósito 14.07.2011 LF1   RD861.3 D353g 32357-10 25.06.2020 25.06.2020 No se presta Perteneció a la biblioteca personal de Martínez Boog

Powered by Koha